000 00588nam a2200277Ia 4500
005 20260127113038.0
008 008 260114s9999 xx 000 0 eng d
020 _a9780333646755
037 _aTextbook
040 _aPSDL
040 _beng
040 _cPSDL
041 _2eng
041 _aeng
084 _aV5 N4
084 _qPSDL
245 4 _aThe European Union
260 _aBoulder
260 _bLynne Rienner Publishers
260 _c1994
300 _a309p.
942 _cTB
942 _hV5 N4
999 _c1674916
_d1674916